| 000 | 00833nam a2200229 a 4500 | ||
|---|---|---|---|
| 001 | 72153 | ||
| 003 | BD-RjUL | ||
| 005 | 20211209082222.0 | ||
| 008 | 170514s1981 bg a|||| |||| 000 0 ben d | ||
| 035 | _a(BD-RjUL)72369 | ||
| 040 |
_aBD-RjUL _bben _cBD-RjUL _dBD-RjUL |
||
| 041 | _aben | ||
| 082 |
_223 _a796.4 _bALD 1981 |
||
| 100 | 1 |
_aআলিম, কাজী আবদুল _9166407 |
|
| 245 | 1 | 0 |
_aদৌড়, ঝাপ ও নিক্ষেপ / _cকাজী আবদুল আলিম |
| 250 | _a৩ য় সং. | ||
| 260 |
_aঢাকা ; _bস্পোর্টস পাবলিকেশনস, _c১৯৮১ |
||
| 300 |
_a৩৭৩ পৃ. : _bচিত্র. ; _c২৬ সেমি . |
||
| 650 |
_aওজন নিক্ষেপ _9166408 |
||
| 650 |
_aWeight Lifting _9166409 |
||
| 942 |
_2ddc _cBK |
||
| 999 |
_c72153 _d72153 |
||